<?xml version="1.0" encoding="UTF-8"?>
<record
    xmlns:xsi="http://www.w3.org/2001/XMLSchema-instance"
    xsi:schemaLocation="http://www.loc.gov/MARC21/slim http://www.loc.gov/standards/marcxml/schema/MARC21slim.xsd"
    xmlns="http://www.loc.gov/MARC21/slim">

  <leader>00702nam a2200193Ia 4500</leader>
  <controlfield tag="008">151121s9999||||xx |||||||||||||| ||und||</controlfield>
  <datafield tag="082" ind1=" " ind2=" ">
    <subfield code="a">832/&#x905;&#x936;&#x94D;&#x915;</subfield>
  </datafield>
  <datafield tag="082" ind1=" " ind2=" ">
    <subfield code="b">HNW-22377</subfield>
  </datafield>
  <datafield tag="100" ind1=" " ind2=" ">
    <subfield code="a">&#x905;&#x936;&#x94D;&#x915; &#x909;&#x92A;&#x947;&#x928;&#x94D;&#x926;&#x94D;&#x930;&#x928;&#x93E;&#x925;-&#x905;&#x928;&#x941;&#x964;(&#x913;'&#x928;&#x940;&#x932;)</subfield>
  </datafield>
  <datafield tag="245" ind1=" " ind2=" ">
    <subfield code="a">&#x905;&#x92E;&#x93F;&#x936;&#x92A;&#x94D;&#x924;</subfield>
  </datafield>
  <datafield tag="260" ind1=" " ind2=" ">
    <subfield code="b">"&#x928;&#x940;&#x932;&#x93E;&#x92D; &#x92A;&#x94D;&#x930;&#x915;&#x93E;&#x936;&#x928; ,  &#x907;&#x932;&#x93E;&#x939;&#x93E;&#x92C;&#x93E;&#x926;"</subfield>
  </datafield>
  <datafield tag="260" ind1=" " ind2=" ">
    <subfield code="c">--</subfield>
  </datafield>
  <datafield tag="300" ind1=" " ind2=" ">
    <subfield code="a">263</subfield>
  </datafield>
  <datafield tag="600" ind1=" " ind2=" ">
    <subfield code="a">&#x905;&#x936;&#x94D;&#x915; &#x909;&#x92A;&#x947;&#x928;&#x94D;&#x926;&#x94D;&#x930;&#x928;&#x93E;&#x925;-&#x905;&#x928;&#x941;&#x964;(&#x913;'&#x928;&#x940;&#x932;)</subfield>
  </datafield>
  <datafield tag="630" ind1=" " ind2=" ">
    <subfield code="a">&#x905;&#x92E;&#x93F;&#x936;&#x92A;&#x94D;&#x924;</subfield>
  </datafield>
  <datafield tag="700" ind1=" " ind2=" ">
    <subfield code="a">&#x905;&#x936;&#x94D;&#x915; &#x909;&#x92A;&#x947;&#x928;&#x94D;&#x926;&#x94D;&#x930;&#x928;&#x93E;&#x925;-&#x905;&#x928;&#x941;&#x964;(&#x913;'&#x928;&#x940;&#x932;)</subfield>
  </datafield>
  <datafield tag="730" ind1=" " ind2=" ">
    <subfield code="a">&#x905;&#x92E;&#x93F;&#x936;&#x92A;&#x94D;&#x924;</subfield>
  </datafield>
  <datafield tag="942" ind1=" " ind2=" ">
    <subfield code="c">BOOK</subfield>
  </datafield>
  <datafield tag="999" ind1=" " ind2=" ">
    <subfield code="c">1222012</subfield>
    <subfield code="d">1222009</subfield>
  </datafield>
  <datafield tag="952" ind1=" " ind2=" ">
    <subfield code="0">0</subfield>
    <subfield code="1">0</subfield>
    <subfield code="4">0</subfield>
    <subfield code="7">0</subfield>
    <subfield code="a">HNW</subfield>
    <subfield code="b">HNW</subfield>
    <subfield code="d">2015-11-21</subfield>
    <subfield code="g">4.00</subfield>
    <subfield code="l">0</subfield>
    <subfield code="o">HNW-22377</subfield>
    <subfield code="p">HNW-22377</subfield>
    <subfield code="r">2015-11-21 00:00:00</subfield>
    <subfield code="v">4.00</subfield>
    <subfield code="w">2015-11-21</subfield>
    <subfield code="y">BOOK</subfield>
  </datafield>
</record>
